Overseas Korean Population - Statistics

General Stats
  • This quiz has been taken 345 times
  • The average score is 7 of 10
Answer Stats
# Country % Correct
2.4 mil. United States
100%
2.5 mil. China
99%
818 k Japan
97%
240 k Canada
92%
180 k Australia
83%
169 k Russia
76%
93 k Philippines
65%
124 k Vietnam
61%
109 k Kazakhstan
36%
181 k Uzbekistan
30%
No matching quizzes found
Score Distribution
Percent of People with Each Score
Percentile by Number Answered
Your Score History
You have not taken this quiz